Correspondencia de José Antonio Jiménez al Obispo de Puebla, sobre la observancia de los capítulos de constitución

Detalles Bibliográficos
Otros Autores: José Antonio Jiménez de las Cuevas
Formato: Libro
Publicado: Puebla de los Ángeles, 1822
Materias:
Colección:Banco de datos
Acervo:Biblioteca Palafoxiana. Colección de Manuscritos
Descripción Física:4 f. ; 15 x 22 cm.
Tema general:Eclesiástica
LEADER 00494nam a22001450004500
035 |a 4904 
245 1 0 |a Correspondencia de José Antonio Jiménez al Obispo de Puebla, sobre la observancia de los capítulos de constitución 
260 |a Puebla de los Ángeles, 1822 
300 |a 4 f. ; 15 x 22 cm. 
650 1 0 |a Eclesiástica 
700 1 |a José Antonio Jiménez de las Cuevas 
949 |a R522/056 
942 |c PALAMANU 
943 |g Biblioteca Palafoxiana. Colección de Manuscritos 
999 |c 1072849  |d 1072849